Chemistry in your life

Spremljeno u:
Bibliografski detalji
Glavni autor: Baird, Colin
Format: Knjiga
Jezik:Undetermined
Izdano: New York W. H. Freeman 2003
Teme:
Oznake: Dodaj oznaku
Bez oznaka, Budi prvi tko označuje ovaj zapis!
Thư viện lưu trữ: Trung tâm Học liệu Trường Đại học Cần Thơ
LEADER 00494nam a2200193Ia 4500
001 CTU_106126
008 210402s9999 xx 000 0 und d
020 |c 75.54 
082 |a 540 
082 |b B163 
100 |a Baird, Colin 
245 0 |a Chemistry in your life 
245 0 |c Colin Baird, Wendy Gloffke 
260 |a New York 
260 |b W. H. Freeman 
260 |c 2003 
650 |a Chemistry 
904 |i Nguyên sửa 
980 |a Trung tâm Học liệu Trường Đại học Cần Thơ